[Event "Moscow op-B"]
[Site "Moscow"]
[Date "2009.11.20"]
[Round "1"]
[White "Nefedov, Sergey Anatolievich"]
[Black "Kostoglotov, Dmitry"]
[Result "1-0"]
[WhiteElo "2166"]
[BlackElo "1827"]
[PlyCount "69"]
[EventDate "2009.01.31"]
[EventType "swiss"]
[EventRounds "9"]
[EventCountry "RUS"]
[SourceTitle "EXT 2012"]
[Source "ChessBase"]
[SourceDate "2011.11.24"]
[SourceVersion "1"]
[SourceVersionDate "2011.11.24"]
[SourceQuality "1"]

1. d4 Nf6 2. Nf3 e6 3. c4 b6 4. g3 Bb7 5. Bg2 Bb4+ 6. Bd2 Bxd2+ 7. Qxd2 0-0 8. 0-0 d6 9. Nc3 Nbd7 10. Rad1 Ne4 11. Nxe4 Bxe4 12. Qf4 Nf6 13. g4 Bb7 14. Rfe1 Nd7 15. e4 Qf6 16. Qg3 Rfd8 17. Nh4 g5 18. Nf3 e5 19. h4 h6 20. Qh2 Qf4 21. hxg5 Qxh2+ 22. Kxh2 hxg5 23. Nxg5 exd4 24. Rxd4 Ne5 25. Kg3 c5 26. Rdd1 Nxc4 27. b3 Ne5 28. f4 Nc6 29. Rh1 Nd4 30. Nxf7 Kxf7 31. Rh7+ Ke6 32. Rxb7 Rh8 33. g5 Ne2+ 34. Kf3 Nd4+ 35. Rxd4 1-0

[Event "Moscow Petrosian Memorial U18"]
[Site "Moscow"]
[Date "2009.01.??"]
[Round "2"]
[White "Kostoglotov, Dmitry"]
[Black "Sidorov, Kirill"]
[Result "1-0"]
[WhiteElo "1828"]
[BlackElo "1981"]
[PlyCount "77"]
[EventDate "2009.01.??"]
[EventType "swiss"]
[EventRounds "9"]
[EventCountry "RUS"]
[SourceTitle "EXT 2010"]
[Source "ChessBase"]
[SourceDate "2010.11.25"]
[SourceVersion "1"]
[SourceVersionDate "2010.11.25"]
[SourceQuality "1"]

1. d4 f5 2. c4 Nf6 3. Nc3 g6 4. g3 Bg7 5. Bg2 d6 6. e4 fxe4 7. Nxe4 Nxe4 8. Bxe4 0-0 9. Ne2 Nc6 10. 0-0 Bh3 11. Bg2 Bg4 12. f3 Bf5 13. Be3 Kh8 14. Qd2 a5 15. d5 Nb4 16. Nd4 e5 17. dxe6 Qf6 18. Nxf5 Qxf5 19. Bd4 Qxe6 20. Bxg7+ Kxg7 21. Qc3+ Qf6 22. Qd2 b6 23. a3 Na6 24. f4 Ra7 25. Rae1 c5 26. Re2 Re7 27. Rxe7+ Qxe7 28. Re1 Qf6 29. Qd5 Rf7 30. Rd1 Rd7 31. Bh3 Re7 32. Qxd6 Qf7 33. Qxb6 Qxc4 34. Bf1 Qc2 35. Qd6 Rb7 36. Bxa6 Rxb2 37. Qe5+ Kh6 38. Qg5+ Kg7 39. Rd7+ 1-0

[Event "Dmitrov Summer op"]
[Site "Dmitrov"]
[Date "2008.07.25"]
[Round "6"]
[White "Khachapuridze, David"]
[Black "Kostoglotov, Dmitry"]
[Result "1/2-1/2"]
[WhiteElo "1929"]
[BlackElo "1784"]
[PlyCount "23"]
[EventDate "2008.07.21"]
[EventType "swiss"]
[EventRounds "9"]
[EventCountry "RUS"]
[SourceTitle "EXT 2022"]
[Source "ChessBase"]
[SourceDate "2021.10.06"]
[SourceVersion "1"]
[SourceVersionDate "2021.10.06"]
[SourceQuality "1"]

1. e4 c6 2. d4 d5 3. exd5 cxd5 4. Bd3 Nf6 5. h3 Nc6 6. c3 e6 7. Nf3 Bd6 8. 0-0 0-0 9. Re1 Ne7 10. Qc2 Ng6 11. Bg5 a6 12. Ne5 1/2-1/2

[Event "Lipetsk King's Gambit 2nd"]
[Site "Lipetsk"]
[Date "2008.07.14"]
[Round "6"]
[White "Ryakhovskiy, Alexander"]
[Black "Kostoglotov, Dmitry"]
[Result "1/2-1/2"]
[WhiteElo "1961"]
[BlackElo "1784"]
[PlyCount "67"]
[EventDate "2008.07.08"]
[EventType "swiss"]
[EventRounds "9"]
[EventCountry "RUS"]
[SourceTitle "EXT 2022"]
[Source "ChessBase"]
[SourceDate "2021.10.06"]
[SourceVersion "1"]
[SourceVersionDate "2021.10.06"]
[SourceQuality "1"]

1. e4 c6 2. d4 d5 3. Nd2 dxe4 4. Nxe4 Bf5 5. Ng3 Bg6 6. h4 h6 7. Nf3 Nd7 8. h5 Bh7 9. Bd3 Bxd3 10. Qxd3 Ngf6 11. Be3 Qc7 12. 0-0-0 0-0-0 13. c4 e6 14. Rh4 Bd6 15. Ne4 Nxe4 16. Qxe4 Nf6 17. Qc2 Qa5 18. c5 Bb8 19. a3 Nd5 20. Rd3 Qc7 21. Ne5 Qe7 22. Rh1 Bxe5 23. dxe5 Nxe3 24. Rxe3 Rd5 25. b4 Qg5 26. Qe4 Rhd8 27. f4 Qg4 28. Qf3 Qxf3 29. Rxf3 Rd2 30. Rg3 Ra2 31. Kb1 Rdd2 32. Rxg7 Rab2+ 33. Ka1 Ra2+ 34. Kb1 1/2-1/2

[Event "Lipetsk King's Gambit 2nd"]
[Site "Lipetsk"]
[Date "2008.07.10"]
[Round "2"]
[White "Martov, Vadim"]
[Black "Kostoglotov, Dmitry"]
[Result "1-0"]
[WhiteElo "2041"]
[BlackElo "1784"]
[PlyCount "83"]
[EventDate "2008.07.08"]
[EventType "swiss"]
[EventRounds "9"]
[EventCountry "RUS"]
[SourceTitle "EXT 2022"]
[Source "ChessBase"]
[SourceDate "2021.10.06"]
[SourceVersion "1"]
[SourceVersionDate "2021.10.06"]
[SourceQuality "1"]

1. d4 Nf6 2. Nf3 e6 3. c4 b6 4. a3 Be7 5. Nc3 Bb7 6. e3 d5 7. cxd5 exd5 8. Bb5+ c6 9. Bd3 0-0 10. 0-0 c5 11. b3 Nc6 12. Bb2 Re8 13. Rc1 cxd4 14. exd4 Bf8 15. Ne2 Rc8 16. Ng3 g6 17. Ne5 Bg7 18. Re1 Nd7 19. f4 f5 20. b4 Ncb8 21. Qb3 Nf6 22. b5 Qd6 23. Qa4 Ne4 24. Qxa7 Re7 25. Qa4 Rec7 26. Rxc7 Rxc7 27. Rc1 Bh6 28. Ne2 g5 29. fxg5 Bxg5 30. Rxc7 Qxc7 31. Qc2 Be3+ 32. Kf1 Qe7 33. g3 Qd8 34. Bc1 Bxc1 35. Qxc1 Nd7 36. Bxe4 dxe4 37. Qf4 Nxe5 38. Qxe5 Qd7 39. Nf4 Qf7 40. d5 Kf8 41. Ne6+ Kg8 42. Qb8+ 1-0

[Event "Moscow op-B 04th"]
[Site "Moscow"]
[Date "2008.02.08"]
[Round "7"]
[White "Kostoglotov, Dmitry"]
[Black "Frolov, Vitaly"]
[Result "1-0"]
[WhiteElo "1712"]
[BlackElo "2106"]
[PlyCount "83"]
[EventDate "2008.02.02"]
[EventType "swiss"]
[EventRounds "9"]
[EventCountry "RUS"]
[SourceTitle "CBM 122 Extra"]
[Source "ChessBase"]
[SourceDate "2008.03.04"]
[SourceVersion "1"]
[SourceVersionDate "2008.03.04"]
[SourceQuality "1"]

1. d4 e6 2. c4 f5 3. Nc3 d5 4. e3 c6 5. Nf3 Nf6 6. Bd3 Bd6 7. 0-0 0-0 8. Ne5 Bxe5 9. dxe5 Ng4 10. f4 d4 11. Na4 b5 12. cxb5 cxb5 13. Qf3 bxa4 14. Qxa8 dxe3 15. Be2 Qb6 16. Qf3 Bb7 17. Qg3 Ba6 18. Re1 Rd8 19. h3 Bxe2 20. hxg4 Bxg4 21. Qxe3 Qb7 22. b3 Na6 23. Ba3 Nc7 24. Rec1 Nd5 25. Qf2 h5 26. Bd6 Qa6 27. Qd4 h4 28. Be7 Rb8 29. Bxh4 Rb4 30. Rc4 Rb8 31. Rxa4 Qe2 32. Re1 Qc2 33. Rxa7 Rb4 34. Ra8+ Kh7 35. Qf2 Qc3 36. Be7 Nxe7 37. Qh4+ Kg6 38. Rf8 Qd4+ 39. Kh1 Rb7 40. Qg5+ Kh7 41. Rf7 Ng6 42. Rxb7 1-0

[Event "Moscow op-B 04th"]
[Site "Moscow"]
[Date "2008.02.06"]
[Round "5"]
[White "Kostoglotov, Dmitry"]
[Black "Kochetov, Dmitri A"]
[Result "1/2-1/2"]
[WhiteElo "1712"]
[BlackElo "2026"]
[PlyCount "49"]
[EventDate "2008.02.02"]
[EventType "swiss"]
[EventRounds "9"]
[EventCountry "RUS"]
[SourceTitle "CBM 122 Extra"]
[Source "ChessBase"]
[SourceDate "2008.03.04"]
[SourceVersion "1"]
[SourceVersionDate "2008.03.04"]
[SourceQuality "1"]

1. d4 e6 2. c4 b6 3. Nf3 Bb7 4. e3 f5 5. g3 Nf6 6. Bg2 Be7 7. 0-0 0-0 8. b3 Ne4 9. Bb2 Bf6 10. Nc3 Nxc3 11. Bxc3 d6 12. Qe2 Nd7 13. Ne1 Bxg2 14. Nxg2 Qe7 15. e4 fxe4 16. Qxe4 e5 17. dxe5 Bxe5 18. Bxe5 Qxe5 19. Rae1 Qxe4 20. Rxe4 Rae8 21. Rfe1 Kf7 22. Nf4 Nf6 23. Rxe8 Rxe8 24. Rxe8 Nxe8 25. f3 1/2-1/2

[Event "Moscow op-B 04th"]
[Site "Moscow"]
[Date "2008.02.03"]
[Round "2"]
[White "Romanov, Stanislav"]
[Black "Kostoglotov, Dmitry"]
[Result "0-1"]
[WhiteElo "2051"]
[BlackElo "1712"]
[PlyCount "70"]
[EventDate "2008.02.02"]
[EventType "swiss"]
[EventRounds "9"]
[EventCountry "RUS"]
[SourceTitle "CBM 122 Extra"]
[Source "ChessBase"]
[SourceDate "2008.03.04"]
[SourceVersion "1"]
[SourceVersionDate "2008.03.04"]
[SourceQuality "1"]

1. e4 c6 2. d4 d5 3. exd5 cxd5 4. Bd3 Nf6 5. c3 Nc6 6. Bf4 Bg4 7. f3 Bh5 8. Ne2 e6 9. 0-0 Bg6 10. Bg3 Bd6 11. f4 Ne4 12. Bxe4 Bxe4 13. Nd2 Bg6 14. Qb3 Qc7 15. c4 Bh5 16. Nc3 Nxd4 17. Qa4+ Qc6 18. Nb5 0-0 19. b3 Ne2+ 20. Kh1 Nxg3+ 21. hxg3 Rfd8 22. cxd5 Qxd5 23. Nc4 a6 24. Nbxd6 b5 25. Qb4 bxc4 26. Nxc4 Rab8 27. Qa4 Be2 28. Rf2 Qd4 29. Rff1 Bxf1 30. Rxf1 Qd3 31. Rf3 Qb1+ 32. Kh2 Rd1 33. g4 Rh1+ 34. Kg3 Qe1+ 35. Rf2 Rf1 0-1

[Event "Moscow Petrosian Memorial U18"]
[Site "Moscow"]
[Date "2008.01.??"]
[Round "2"]
[White "Kostoglotov, Dmitry"]
[Black "Voronkov, Denis"]
[Result "0-1"]
[WhiteElo "1712"]
[BlackElo "1996"]
[PlyCount "74"]
[EventDate "2008.01.??"]
[EventType "swiss"]
[EventRounds "9"]
[EventCountry "RUS"]
[SourceTitle "CBM 122 Extra"]
[Source "ChessBase"]
[SourceDate "2008.03.04"]
[SourceVersion "1"]
[SourceVersionDate "2008.03.04"]
[SourceQuality "1"]

1. d4 e6 2. c4 f5 3. Nc3 Nf6 4. g3 d5 5. cxd5 exd5 6. Bg2 c6 7. Nf3 Bd6 8. 0-0 0-0 9. Bg5 h6 10. Bf4 Bxf4 11. gxf4 Nbd7 12. e3 Ne4 13. Rc1 g5 14. Ne5 Nxe5 15. fxe5 Be6 16. Na4 g4 17. Bxe4 fxe4 18. Nc3 Qg5 19. Ne2 g3 20. Nxg3 Bg4 21. f4 exf3 22. Qd2 Kh8 23. Rf2 Bh3 24. e4 Qg6 25. exd5 cxd5 26. Rc7 h5 27. Qc2 Bf5 28. Qd2 Be4 29. Kh1 h4 30. Nxe4 dxe4 31. d5 Rac8 32. Rxc8 Rxc8 33. h3 Rg8 34. Qe1 e3 35. Rh2 f2 36. Rxf2 exf2 37. Qxf2 Qe4+ 0-1